Statistics for F1 Quiz 1

Click here to take the quiz!

General Stats

  • This quiz has been taken 15 times
    (13 since last reset)
  • The average score is 9 of 15

Answer Stats

HintAnswer% Correct
Who won the first f1 championship?Nino Farina
82%
Which country has had the most f1 drivers in history?United kingdom
82%
Which driver has driven most races without a podium?Nico Hulkenberg
73%
Who was the 1992 f1 world champion?Nigel mansell
73%
Which two drivers have 7 World titles?Schumacher & Hamilton
73%
Who is the youngest f1 world champion?Sebastian Vettel
73%
How many carrier points did Lella Lombardi score in her f1 Carrier?10
64%
How many podiums does Charles Leclerc have in f1?25
64%
How many wins does Fernando Alonso have?32
64%
At which Circuit is the "wall of champions"?Gilles villeneuve
64%
Which f1 Circuit has hosted the most races?Monza
64%
How many turns does Interlagos have?15
55%
How many numbers of laps does f1 race in monaco78
55%
Which track does Kevin Magnussen have the track record?Singapore
27%
How long is the redbull ring?4.318 km
0%

Score Distribution

Percentile by Number Answered

Percent of People with Each Score

Your Score History

You have not taken this quiz since the last reset